header

The fossil chronicles (Record no. 225779)

MARC details
000 -LEADER
fixed length control field 01378nam a2200361 a 4500
082 04 - DEWEY DECIMAL CLASSIFICATION NUMBER
Classification number 599.93/8
100 1# - MAIN ENTRY--AUTHOR NAME
Personal name Falk, Dean.
245 14 - TITLE STATEMENT
Title The fossil chronicles
260 ## - PUBLICATION, DISTRIBUTION, ETC. (IMPRINT)
Place of publication Berkeley :
Name of publisher University of California Press,
Year of publication c2011.
300 ## - PHYSICAL DESCRIPTION
Number of Pages xiv, 259 p. :
Other physical details ill.
650 #0 - SUBJECT ADDED ENTRY--TOPICAL TERM
Topical Term Fossil hominids.
Topical Term Flores man.
Topical Term Australopithecines.
Topical Term Human remains (Archaeology)
Topical Term Human evolution
Topical Term Paleoanthropology.
856 40 - ELECTRONIC LOCATION AND ACCESS
Uniform Resource Identifier http://site.ebrary.com/lib/rucke/Doc?id=10483580

No items available.

© 2026 Rongo University
Contact us: librarian | system librarian | Rongo university